000 00500nam a2200181Ia 4500
999 _c5847
_d5847
003 OSt
005 20200129103705.0
008 190216s9999||||xx |||||||||||||| ||und||
020 _a8174935894
040 _coclc
082 _a658.8342
_bNAI/C
100 _aNair, Suja R
_91470
245 0 _aConsumer Behaviour /
_cSuja R Nair
250 _a1st ed.
260 _bHimalaya Publishing,
_c1999.
_aMumbai:
300 _a319p
942 _cBK
_2ddc
_h658.8342
_iNAI/C
_k658.8342
_mNAI/C